UM Logo

An experiential approach to organization development / (Record no. 7811)

MARC details
000 -LEADER
fixed length control field 00663nam a2200181 4500
008 - FIXED-LENGTH DATA ELEMENTS--GENERAL INFORMATION
fixed length control field 171121b xxu||||| |||| 00| 0 eng d
020 ## - INTERNATIONAL STANDARD BOOK NUMBER
International Standard Book Number 0135179882
082 ## - DEWEY DECIMAL CLASSIFICATION NUMBER
Edition number 1996
Classification number DC 658.4063
Item number H26
100 ## - MAIN ENTRY--PERSONAL NAME
9 (RLIN) 23591
Personal name Harvey, Donald F., author.
245 ## - TITLE STATEMENT
Title An experiential approach to organization development /
Statement of responsibility, etc. Don Harvey, Donald R. Brown.
250 ## - EDITION STATEMENT
Edition statement Fifth edition
260 ## - PUBLICATION, DISTRIBUTION, ETC. (IMPRINT)
Place of publication, distribution, etc. Upper Saddle River, N.J. :
Name of publisher, distributor, etc. Prentice Hall,
Date of publication, distribution, etc. ©1996.
300 ## - PHYSICAL DESCRIPTION
Extent xxi, 468 pages :
Other physical details illustrations ;
Dimensions 28 cm.
500 ## - GENERAL NOTE
General note Includes bibliographical references and index.
650 #0 - SUBJECT ADDED ENTRY--TOPICAL TERM
9 (RLIN) 23592
Topical term or geographic name as entry element Organizational change
700 ## - ADDED ENTRY--PERSONAL NAME
9 (RLIN) 23593
Personal name Brown, Donald R.author.
942 ## - ADDED ENTRY ELEMENTS (KOHA)
Source of classification or shelving scheme Dewey Decimal Classification
Koha item type Circulation
Holdings
Withdrawn status Lost status Source of classification or shelving scheme Damaged status Not for loan Collection code Home library Current library Date acquired Source of acquisition Total Checkouts Full call number Barcode Date last seen Copy number Price effective from Koha item type
    Dewey Decimal Classification     Circulation UM Digos College - LIC UM Digos College - LIC 10/29/1996 Purchased   DC 658.4063 H26 1996 12165 05/15/2025 1 11/21/2017 Circulation